00838nam a2200193Ia 4500003000400000005001700004008004100021040001000062041000800072082000800080100002300088245008800111260011900199300003700318504002700355520011300382653002200495710012700517Ost20260426125804.0260426s9999||||xx |||||||||||||| ||und|| cfsecg afre a1.4 aSlimann, AeAuteur 0aLe Stage Pratique :blicence 3 éme année : filiére entrainement /cA Slimann aAlger :bUniversité d'Alger3 Faculté des sciences économiques commerciales et des sciences de gestion,c2020 a21 feuil,billustration,c30 cm abibliographie feuil 24 aautour du stage pratique , guide de réalisation d'un rapport de stage pratique , guide de stage pratique . aLe Stage Pratique aUniversité d'Alger3 Faculté des sciences économiques commerciales et des sciences de gestioneÉditeur scientifique